000 01894nam0a2200325 4500
001 RU\NLR\BIBL_A\011914798
005 20250626151222.0
020 _aRU
_b[5815]
_9Сводный каталог листовок первых лет Советской власти (25 октября (7 ноября) 1917 - 1925). Листовки партийных, советских, военных, профсоюзных, комсомольских и других организаций Украинской ССР, Белорусской ССР, Закавказских и Среднеазиатских Pеспублик
035 _a(NLR Aleph) 011914798
090 _a10956807
_c10956807
100 _a20171207f19211922|||y0rusy50 ca
101 0 _arus
102 _aRU
105 _ay z 000zy
135 _acrcn 024apada
200 1 _aВсем сельским и волостным комитетам незаможных селян
_e(инструкция)
_e[листовка]
210 _a[Б. м.]
_cСов. тип. № 2
_d[1921?]
215 _a2 с.
_d31х18
300 _aВ конце листовки: завотделуправ А. Луговой, завинформинстрподотд. Резников
325 1 _aКопия доступна в Электронной библиотеке РНБ
702 1 _4720
_7ca
_8rus
_aЛуговой
_bА. В.
_cгос. и парт. деятель
_f1893-1937
_gАлександр Васильевич
_9173978
_3RU\NLR\AUTH\770174029
702 1 _aРезников
_cучастник установления сов. власти, Украина
_4720
852 _aNLR
_bФЛ
_j58/94
942 _cBOOK
980 _aNB
981 2 1 _a(21) Листовки
_b(21) Листовки 1921 года